| 000 | 00573nam a2200205Ia 4500 | ||
|---|---|---|---|
| 005 | 20250425162817.0 | ||
| 008 | 250425s9999 xx 000 0 und d | ||
| 020 | _a9780470322550 | ||
| 041 | _aspa | ||
| 082 |
_a620.0015118 _pSOL |
||
| 100 | _aSolberg, James | ||
| 245 | 0 |
_aModeling random processes for engineers and managers _c/ James J. Solberg |
|
| 260 |
_aChichester _b: John Wiley _c,2009 |
||
| 300 | _a304 páginas | ||
| 650 | _aIngeniería-Modelos matemáticos | ||
| 650 | _aModelos estocásticos | ||
| 920 | _a30249601 | ||
| 942 | _c01 | ||
| 010 | _a109482 | ||
| 999 |
_c236890 _d236890 |
||